| 000 | 00950nas a2200313 4500 | ||
|---|---|---|---|
| 001 | BR8402445 | ||
| 003 | BR-BrBNA | ||
| 005 | 20231205085914.0 | ||
| 007 | ta | ||
| 008 | 230509b bl.|||p| |||| 00| 00por d | ||
| 040 |
_aBR-BrBNA _bpor _cBiblioteca Nacional de Agricultura |
||
| 041 | _a(Pt) | ||
| 072 | _aL73 | ||
| 100 | 1 | _aSantos, M.R.S. | |
| 100 | 1 | _aPortugal, M.A.S.C. | |
| 100 | 1 | _aAthaide, A.J. | |
| 100 | 1 | _aFerraz, E.F. | |
| 111 | 1 |
_a13. Congresso Brasileiro de Medicina Veterinaria _cBrasilia, DF (Brazil) _d1972 |
|
| 245 | 1 | _aGeotricose cutanea em equinos [Geotrichum candidum] | |
| 246 | 1 | _aCutaneous geothrichosis on horses [Geotrichum candidum] | |
| 650 | _aEQUINO | ||
| 650 | _aPODRIDAO AQUOSA | ||
| 650 | _aPELE | ||
| 650 | _aMICOSE | ||
| 650 | _aLESAO | ||
| 773 | 0 |
_tBiologico (Brazil) _xISSN 0366-0567 _g(Mar 1983), v. 49(3) p. 75-79 _wBR8402445 |
|
| 909 |
_a202311 _bLúcia _c55 _dLúcia Elande |
||
| 942 |
_2AGRIS _n0 _cANA |
||
| 999 |
_c114670 _d114670 |
||